Subterranean Homesick Blues Lyrics - Statistics

General Stats
  • This quiz has been taken 300 times
  • The average score is 47 of 79
Answer Stats
Hint Lyric % Correct
Johnny's in the ________ Basement
98%
Mixing up the ________ Medicine
96%
Thinking about the __________ Government
95%
Look out ___ Kid
93%
Look out ___ Kid
93%
I'm on the ________ Pavement
92%
You only got ___ Ten
91%
But you're doing it _____ Again
88%
You better duck down the _____ ___ Alley Way
86%
Orders from the __ DA
85%
____ out kid Look
85%
To know which way the ____ blows Wind
85%
Wants ______ dollar bills Eleven
82%
Get sick, ___ ____ Get Well
82%
___ knows when God
82%
Look ___ kid Out
80%
The man in the ______ ____ Trench Coat
80%
Watch the ______' meters Parkin
79%
You don't need a _______ ___ Weather Man
79%
Face full of black ____ Soot
78%
It's _________ you did Something
73%
Don't follow _______ Leaders
72%
Keep a clean ____ Nose
71%
Lookin' for a ___ fool New
70%
Join the ____ if you failed Army
69%
Walk on your ___ ____ Tip Toes
69%
You better chew ___ Gum
68%
Hang around the ___ ____ Ink Well
68%
The man in a ____-____ cap Coon-skin
65%
'Cause the _______ took the handles Vandals
65%
You're gonna get ___ Hit
64%
And they put you on the ___ _____ Day Shift
63%
They keep it all ___ Hid
63%
Wants to get it ____ ___ Paid Off
63%
Lookin' for a new ______ Friend
62%
Please ___ Her
62%
Badge out, ____ ___ Laid Off
62%
Watch the plain _______ Clothes
61%
Twenty years of ________' Schoolin
60%
That carry round a ____ _____ Fire Hose
59%
The ____ don't work Pump
59%
Light yourself a _______ Candle
58%
______ him Please
58%
Don't wanna be a ___ Bum
57%
______ comes fleet foot Maggie
56%
They must bust in early ___ May
56%
Ring ____, hard to tell Bell
55%
The _____'s tapped anyway Phone
55%
If anything is goin' to ____ Sell
54%
Says he's got a ___ _____ Bad Cough
53%
But losers, ________ Cheaters
53%
Don't ______ what you did Matter
53%
___-____ users Six-time
53%
Better jump down a _______ Manhole
50%
Maggie says that many ___ Say
50%
In the big ___ Pen
49%
_______ Romance
49%
Don't wear _______ Sandals
49%
Girl by the _________ Whirlpool
47%
Jump ____ Bail
46%
Short _____ Pants
46%
Talkin' that the ____ put Heat
44%
Try to avoid the ________ Scandals
44%
Learn to _____ Dance
42%
______ stay away from those Better
41%
Ah get ____ Born
41%
Try to be a _______ Success
40%
Try hard, get ______ Barred
36%
Get _______ Dressed
30%
Get _______ Blessed
28%
Don't _____ Steal
28%
Hang around the ________ Theatres
28%
Get back, write ________ Braille
27%
Get ______ Jailed
27%
______ in the bed but Plants
27%
Keep ____ Warm
27%
Don't try "__ ___" No Doz
23%
Don't ____ Lift
20%
Buy _____ Gifts
19%
No matching quizzes found
Score Distribution
Percent of People with Each Score
Percentile by Number Answered
Your Score History
You have not taken this quiz